100 facts : Warriors

Bibliographic Details
Main Author: Malam, John
Other Authors: Steele, Philip
Format: Book
Published: Essex : Miles Kelly Publishing Ltd. , 2010
Series:100 facts
Subjects:

MARC

LEADER 00000cam a2200000 7i4500
001 0000159019
005 20120606.0
020 |a 9781848102644 
090 0 0 |a 032   |b HUN 
100 1 |a Malam, John 
245 1 0 |a 100 facts :   |b Warriors   |c John Malam ; consultant, Philip Steele 
260 |a Essex :   |b Miles Kelly Publishing Ltd. ,   |c 2010 
300 |a 48p. :   |b ill. ;   |c 30cm. 
490 0 |a 100 facts 
650 0 0 |a General knowledge   |x Juvenile literature 
650 0 0 |a Warriors   |x Juvenile literature 
700 1 |a Steele, Philip 
999 |a 00259503   |b BUKU   |c JUNIOR BOOKS   |e PERPUSTAKAAN KOMUNITI PETALING JAYA